Focus on grammar: An high-intermediate course for reference and practice

Enregistré dans:
Détails bibliographiques
Auteur principal: Marjorie Fuchs
Format: Livre
Langue:Undetermined
Publié: White Plains, NY Pearson Education 2000
Sujets:
Tags: Ajouter un tag
Pas de tags, Soyez le premier à ajouter un tag!
Thư viện lưu trữ: Trung tâm Học liệu Trường Đại học Cần Thơ
LEADER 00662nam a2200205Ia 4500
001 CTU_65682
008 210402s9999 xx 000 0 und d
020 |b 259000 
082 |a 428.24 
082 |b F951h 
100 |a Marjorie Fuchs 
245 0 |a Focus on grammar: An high-intermediate course for reference and practice 
245 0 |c Marjorie Fuchs and Margaret Bonner 
260 |a White Plains, NY 
260 |b Pearson Education 
260 |c 2000 
650 |a english language,english language 
650 |x textbooks for foreign speakers,grammar,problems, execises, etc. 
904 |i Minh 
980 |a Trung tâm Học liệu Trường Đại học Cần Thơ